| 000 | 02427cam a2200565 i 4500 | ||
|---|---|---|---|
| 001 | xx004873194 | ||
| 003 | NUKAT | ||
| 005 | 20260427140757.0 | ||
| 008 | 200529s2020 pl |001 0 pol c | ||
| 020 |
_a9788380988316 _q(oprawa twarda) : _czł 29,00 |
||
| 035 | _a(OCoLC)1156652113 | ||
| 035 | _a(NUKAT)xx004873194 | ||
| 040 |
_aKAT U/DL _bpol _erda _cKAT U/DLs _dKAT U/MP _dWR O/ISs _dWA 14/ABs _dOLSZT 008/bak |
||
| 045 | 2 |
_bd1970 _bd1989 |
|
| 046 | _k2020 | ||
| 100 | 1 |
_aJaskułowski, Tytus _d(1976- ). _eAutor _940675 |
|
| 245 | 1 | 0 |
_aSzczecin miasto, którego nie było : _bdyplomacja RFN i polskie przełomy 1970-1989 / _cTytus Jaskułowski. |
| 260 |
_aSzczecin ; _aWarszawa : _bInstytut Pamięci Narodowej - Komisja Ścigania Zbrodni przeciwko Narodowi Polskiemu. Oddział w Szczecinie, _c2020. |
||
| 300 |
_a198 stron ; _c24 cm. |
||
| 336 |
_aTekst _btxt _2rdacontent |
||
| 337 |
_aBez urządzenia pośredniczącego _bn _2rdamedia |
||
| 338 |
_aWolumin _bnc _2rdacarrier |
||
| 380 | _aKsiążki | ||
| 380 | _aPublikacje naukowe | ||
| 388 | 1 | _a2001- | |
| 490 | 1 | _aŚwiat wobec Szczecina | |
| 504 | _aBibliografia na stronach 177-188. Indeks. | ||
| 648 | 7 |
_a1901-2000 _2DBN _934996 |
|
| 648 | 7 |
_a1945-1989 _2DBN _936043 |
|
| 650 | 7 |
_aPolityka zagraniczna _2DBN _935703 |
|
| 650 | 7 |
_aGrudzień 1970 (Polska) _2DBN _940676 |
|
| 650 | 7 |
_aJesień Ludów _2DBN _939316 |
|
| 650 | 7 |
_aPRL _2DBN _935084 |
|
| 650 | 7 |
_aWydarzenia w Polsce (1980-1981) _2DBN _939431 |
|
| 651 | 7 |
_aPolska _y1970 (Wydarzenia grudniowe). _2kaba _940677 |
|
| 651 | 7 |
_aPolska _y1980-1981 (Powstanie Solidarności). _2kaba _940101 |
|
| 651 | 7 |
_aPolska _y1980-1989. _2kaba _916540 |
|
| 651 | 7 |
_aPolska _xstosunki zagraniczne _zRepublika Federalna Niemiec _y1970-2000. _2kaba _940678 |
|
| 651 | 7 |
_aRepublika Federalna Niemiec _xstosunki zagraniczne _zPolska _y1970-2000. _2kaba _940679 |
|
| 651 | 7 |
_aSzczecin (Polska) _xpolityka i rządy _y1970-2000. _2kaba _940680 |
|
| 651 | 7 |
_aRFN _2DBN _937331 |
|
| 651 | 7 |
_aSzczecin (woj. zachodniopomorskie) _2DBN _937319 |
|
| 655 | 7 |
_aOpracowanie _2DBN _935024 |
|
| 658 | _aHistoria | ||
| 658 | _aPolityka, politologia, administracja publiczna | ||
| 710 | 2 |
_aInstytut Pamięci Narodowej - Komisja Ścigania Zbrodni przeciwko Narodowi Polskiemu. _bOddział (Szczecin). _eWydawca _4pbl _914486 |
|
| 830 | 0 |
_aŚwiat Wobec Szczecina _914487 |
|
| 920 | _a978-83-8098-831-6 (oprawa twarda) : zł 29,00 | ||
| 942 |
_2ddc _cBK_NM |
||
| 999 |
_c27804 _d27804 |
||